000 00732nam a2200241Ia 4500
003 OSt
005 20220923213239.0
006 a|||||r|||| 00| 0
007 ta
008 220922b |||||||| |||| 00| 0 hin d
024 _a160,146
037 _cTextual
040 _aARTS
_cARTS
_bhin
041 _2hin
_ahin
082 _aO152,1:g, J4
100 _aतोमर, दीकम सिंह
245 0 _aहिन्दी वीर काव्य 16 -18 ई
246 _aHindī vīr kāvya 1600-1800 ī0
260 _c1954
650 _aहिन्दी साहित्य
_9156264
942 _hO152,1:g, J4
_cTEXL
_2CC
999 _c314893
_d314893